Flags of Southern Africa - Statistics

General Stats
  • This quiz has been taken 358 times
  • The average score is 5 of 5
Answer Stats
Picture Answer % Correct
South Africa
100%
Botswana
93%
Eswatini
93%
Lesotho
92%
Namibia
90%
No matching quizzes found
Score Distribution
Percent of People with Each Score
Percentile by Number Answered
Your Score History
You have not taken this quiz